Second 'L' Countries Quiz Stats

Quiz Updated Nov 14, 2017

Challenge
Share
Tweet
Embed
Score 0/5 Timer 01:00
3 Plays Today
% Correct
Albania
76.8%
Algeria
69.4%
Slovakia
68.3%
Slovenia
68%
El Salvador
51.3%

You're not logged in!

Compare scores with friends on all Sporcle quizzes.
Sign Up with Email
OR
Log In

You Might Also Like...

Show Comments

Extras

Top Quizzes Today


Score Distribution

Your Account Isn't Verified!

In order to create a playlist on Sporcle, you need to verify the email address you used during registration. Go to your Sporcle Settings to finish the process.